Представление документа в формате RUSMARC

ПолеНазваниеЗначение
  Тип записи a
  Библиографический уровень m
001 Контрольный номер 332c8ac732054f728e168be41fd6049f
005 Дата корректировки 20141020132318.7
200 Заглавие и сведения об ответственности 1_
a Заглавие Валютные операции
e Сведения, относящиеся к заглавию Виды операций.Оформление и примеры.Бухгалтерский учет и налогооблажение
f Первые сведения об ответственности Авт.-сост.: А.М.Абашина и др.
210 Выходные данные 1_
a Место издания М.
c Издательство Филинъ
d Дата издания 1998
215 Физическое описание __
a Объем 343 с.
225 Серия 2_
a Серия Бухгалтерский учет сегодня
300 Общие примечания __
a Общие примечания 5экз.
606 Тематические рубрики __
a Основная рубрика Международные экономические отношения
610 Ключевые слова 0_
a Ключевые слова валютные операции
686 Индексы других классификаций __
a Классификационный индекс 65.9(2)8
2 Код системы rubbk
686 Индексы других классификаций __
a Классификационный индекс 65.9(2)826
2 Код системы rubbk
801 Источник записи _0
a Страна RU
b Организация РУК
c Дата составления 19990901
g Правила каталогизации PSBO
801 Источник записи _1
a Страна RU
b Организация РУК
c Дата составления 19990901
g Правила каталогизации PSBO
852 Данные о местонахождении __
i Авторский знак В 16
j Шифр хранения ББК 65.9(2)8
901 Тип документа __
t Тип документа m
938 Служебная информация __
a Название организации Головной вуз
b Имя БД BOOK
c Название АИБС АИБС ИРБИС